「津」のつく市町村 - Statistics

General Stats
  • This quiz has been taken 19 times
  • The average score is 35 of 48
Answer Stats
Answer % Correct
会津美里町
100%
会津若松市
100%
津市
100%
大津市
100%
会津坂下町
92%
中津川市
92%
宮津市
92%
宇多津町
92%
多度津町
92%
西会津町
85%
君津市
85%
富津市
85%
津島市
85%
津和野町
85%
津山市
85%
唐津市
85%
中津市
85%
新十津川町
77%
南会津町
77%
草津町
77%
木更津市
77%
魚津市
77%
沼津市
77%
焼津市
77%
草津市
77%
木津川市
77%
十津川村
77%
津別町
69%
神津島村
69%
津南町
69%
津幡町
69%
泉大津市
69%
日吉津村
69%
江津市
69%
大津町
69%
津久見市
69%
河津町
62%
摂津市
62%
福津市
62%
新篠津村
46%
中標津町
46%
標津町
46%
海津市
46%
時津町
46%
津奈木町
46%
八百津町
38%
津野町
38%
柳津町
31%
No matching quizzes found
Score Distribution
Percent of People with Each Score
Percentile by Number Answered
Your Score History
You have not taken this quiz